The day of the lion : the life and death of fascist Italy, 1922-1945 /

Bibliographic Details
Main Author: MacGregor-Hastie, Roy
Format: Book
Language:English
Published: London : MacDonald, [1963]
Subjects:

MARC

Tag First Indicator Second Indicator Subfields
LEADER 00000cam a2200000Ii 4500
001 in00002053613
005 20151101061826.0
008 771121s1963 enka b 000 0 eng d
015 |a GB63-16207 
035 |a (OCoLC)ocm03434527 
040 |a MGC  |c MGC  |d SER  |d UKM  |d OCL  |d OCLCQ  |d TXA  |d UtOrBLW 
043 |a e-it--- 
049 |a TXAM 
082 0 4 |a 945.0910924  |2 18 
090 |a DG575.M8  |b M22 1963 
100 1 |a MacGregor-Hastie, Roy. 
245 1 4 |a The day of the lion :  |b the life and death of fascist Italy, 1922-1945 /  |c Roy MacGregor-Hastie. 
264 1 |a London :  |b MacDonald,  |c [1963] 
264 4 |c ©1963 
300 |a 395 pages :  |b illustrations ;  |c 24 cm. 
336 |a text  |b txt  |2 rdacontent 
337 |a unmediated  |b n  |2 rdamedia 
338 |a volume  |b nc  |2 rdacarrier 
504 |a Includes bibliographical references (pages 374-380). 
600 1 0 |a Mussolini, Benito,  |d 1883-1945. 
651 0 |a Italy  |x History  |y 1922-1945. 
948 |a cataloged  |b h  |c 2005/4/27  |d c  |e ceaton  |f 2:15:09 pm 
994 |a C0  |b TXA 
999 |a MARS 
999 f f |s 862ca7a5-3399-35ee-8504-3b5c976261c4  |i d8c6f8e5-9b79-3a40-af9b-f201691183e0  |t 0 
952 f f |p ric  |a Texas A&M University  |b Rellis Campus  |c Joint Library Facility  |d Remote Storage  |t 0  |e DG575.M8 M22 1963  |h Library of Congress classification  |i unmediated -- volume  |m A14833771954 
998 f f |a DG575.M8 M22 1963  |t 0  |l Remote Storage